000 00289nam a2200133Ia 4500
008 240624s9999 xx 000 0 und d
041 _aeng
082 _a346.07 TAX
100 _aTAXMANN
245 _aCOMPANY LAW
260 _c2015
_aNew Delhi
_bTaxmann
365 _cRS
_b30
440 _v3
999 _c27671
_d27671